“泡馍”地点数量≥70的地级行政区 Prefectures with ≥70 "Paomo" sites - Statistics

General Stats
  • This quiz has been taken 53 times
  • The average score is 10 of 14
Answer Stats
地级行政区 数量 % Correct
西安 2952
100%
咸阳 758
98%
宝鸡 517
96%
延安 89
88%
渭南 272
86%
兰州 117
84%
郑州 278
78%
铜川 82
73%
商洛 190
69%
安康 74
63%
银川 127
53%
开封 87
37%
西宁 74
29%
安阳 97
16%
No matching quizzes found
Score Distribution
Percent of People with Each Score
Percentile by Number Answered
Your Score History
You have not taken this quiz